书目信息 |
| 题名: |
雨果的眼泪
|
|
| 作者: | 孟宇 著 | |
| 分册: | ||
| 出版信息: | 北京 中国工人出版社 2009.01 |
|
| 页数: | 265页 | |
| 开本: | 24cm | |
| 丛书名: | ||
| 单 册: | ||
| 中图分类: | I247.56 | |
| 科图分类: | ||
| 主题词: | 推理小说--tui li xiao shuo--中国--现代 , 长篇小说--chang pian xiao shuo--中国--现代 | |
| 电子资源: | ||
| ISBN: | 978-7-5008-4266-8 | |
| 000 | 00810nam0 2200253 450 | |
| 001 | 012009081359 | |
| 005 | 20090918155204.67 | |
| 010 | @a978-7-5008-4266-8@dCNY28.00 | |
| 100 | @a20090918d2009 em y0chiy0120 ea | |
| 101 | 0 | @achi |
| 102 | @aCN@b110000 | |
| 105 | @ay z 000ay | |
| 106 | @ar | |
| 200 | 1 | @a雨果的眼泪@Ayu guo de yan lei@f孟宇著@Fmeng yu zhu |
| 210 | @a北京@c中国工人出版社@d2009.01 | |
| 215 | @a265页@d24cm | |
| 300 | @a长篇悬疑小说 | |
| 330 | @a本书是一部长篇悬疑小说。所有的事件都围绕着争夺记录了人类历史上最隐秘的科技——"雨果的眼泪"展开。 | |
| 606 | 0 | @a推理小说@Atui li xiao shuo@y中国@z现代 |
| 606 | 0 | @a长篇小说@Achang pian xiao shuo@y中国@z现代 |
| 690 | @aI247.56@v4 | |
| 701 | 0 | @a孟宇@Ameng yu@4著 |
| 801 | 0 | @aCN@bQSSK@c20090918 |
| 905 | @b755959-61@dI247.56@eM633@f3 | |
| 雨果的眼泪/孟宇著.-北京:中国工人出版社,2009.01 |
| 265页;24cm |
| 长篇悬疑小说 |
| ISBN 978-7-5008-4266-8:CNY28.00 |
| 本书是一部长篇悬疑小说。所有的事件都围绕着争夺记录了人类历史上最隐秘的科技——"雨果的眼泪"展开。 |
| ● |
| 相关链接 |
|
|
|
正题名:雨果的眼泪
索取号:I247.56/M633
 
预约/预借
| 序号 | 登录号 | 条形码 | 馆藏地/架位号 | 状态 | 备注 |
| 1 | 755959 | 207559596 | 社科二线422/422社科库 3排1列6层/ [索取号:I247.56/M633] | 在馆 | |
| 2 | 755960 | 207559603 | 社科二线422/422社科库 3排1列6层/ [索取号:I247.56/M633] | 在馆 | |
| 3 | 755961 | 207559612 | 社科二线400B/400B社科库 19排2列6层/ [索取号:I247.56/M633] | 在馆 |